000 00380nam a2200133Ia 4500
008 151001s9999||||xx |||||||||||||| ||und||
100 _a अज्ञेय
245 _aअज्ञेय पत्रावली
250 _a1
260 _bसाहित्य अकादमी नई दिल्ली
260 _c२०१४
300 _a396
365 _b21
999 _c1001707
_d1001704